Primera parte de los Commentarios reales : (Record no. 154238)

MARC details
000 -LEADER
campo de control de longitud fija 01223nam a2200265 i 4500
001 - NÚMERO DE CONTROL
campo de control 154238
003 - IDENTIFICADOR DE NÚMERO DE CONTROL
campo de control ES-MaACL
005 - FECHA Y HORA DE LA ÚLTIMA TRANSACCIÓN
campo de control 20250930063132.0
008 - DATOS DE LONGITUD FIJA--INFORMACIÓN GENERAL
campo de control de longitud fija 931025t1609po a |||| | spa d
040 ## - FUENTE DE CATALOGACIÓN
Centro/agencia transcriptor ES-MaACL
080 ## - NÚMERO DE LA CLASIFICACIÓN DECIMAL UNIVERSAL
Número de la Clasificación Decimal Universal 94(85)
100 1# - ENTRADA PRINCIPAL--NOMBRE DE PERSONA
Nombre de persona Garcilaso de la Vega,
Títulos y otros términos asociados al nombre el Inca,
Fechas asociadas al nombre 1539-1616
Término indicativo de función/relación Autor
9 (RLIN) 55472
245 10 - MENCIÓN DEL TÍTULO
Título Primera parte de los Commentarios reales :
Resto del título que tratan del origen de los yncas, reyes que fueron del Peru, de su idolatria, leyes, y gouierno en paz y en guerra, de sus vidas y conquistas, y de todo lo que fue aquel Imperio y su Republica, antes que los españoles passaran a el /
Mención de responsabilidad, etc. escritos por el Ynca Garcilasso de la Vega...
260 ## - PUBLICACIÓN, DISTRIBUCIÓN, ETC.
Lugar de publicación, distribución, etc. En Lisboa :
Nombre del editor, distribuidor, etc. en la officina de Pedro Craesbeeck,
Fecha de publicación, distribución, etc. 1609
300 ## - DESCRIPCIÓN FÍSICA
Extensión [10], 264 hojas ;
Dimensiones Fol.
530 ## - NOTA DISPONIBLE DE FORMULARIO FÍSICO ADICIONAL
Nota de formato físico adicional disponible Disponible en formato digital
650 04 - PUNTO DE ACCESO ADICIONAL DE MATERIA--TÉRMINO DE MATERIA
Término de materia o nombre geográfico como elemento de entrada Incas-
Subdivisión general Historia.
9 (RLIN) 13646
651 #4 - PUNTO DE ACCESO ADICIONAL DE MATERIA--NOMBRE GEOGRÁFICO
Nombre geográfico Perú-
Subdivisión general Historia.
9 (RLIN) 9224
700 1# - ENTRADA AGREGADA--NOMBRE PERSONAL
Nombre de persona Craesbeeck, Pedro.
9 (RLIN) 126630
Término indicativo de función/relación Editor
852 ## - LOCALIZACIÓN
Ubicación ES-MaACL
Ubicación en estantería Depósito
Signatura antigua Olim: B-4925
Número de control de estantería R-196
Encuadernación Pasta
856 ## - LOCALIZACIÓN Y ACCESO ELECTRÓNICOS
Identificador Uniforme de Recursos <a href="https://bdh-rd.bne.es/viewer.vm?id=0000009186&page=1">https://bdh-rd.bne.es/viewer.vm?id=0000009186&page=1</a>
Texto de enlace Versión en línea
Nota pública (Biblioteca Digital Hispánica)
942 ## - ELEMENTOS DE ENTRADA SECUNDARIOS (KOHA)
Tipo de ítem Koha Libro impreso antiguo
Suprimir en OPAC No
Holdings
Estatus retirado Estado de pérdida Estado de daño No para préstamo Colección Biblioteca de origen Biblioteca actual Ubicación en estantería Fecha de adquisición Fuente de adquisición Total de préstamos Signatura topográfica completa Código de barras Visto por última vez Precio de reemplazo Tipo de ítem Koha
        Colección digital Biblioteca del Ateneo de Madrid Biblioteca del Ateneo de Madrid Depósito 17/01/2008     R-196 1161284 23/02/2023 23/02/2023 Libro impreso antiguo